| 000 | 00767nam a2200217 i 4500 | ||
|---|---|---|---|
| 001 | 150963 | ||
| 003 | ES-MaACL | ||
| 005 | 20250805064138.0 | ||
| 007 | t| | ||
| 008 | 071122q19001950fr ||||1| fre d | ||
| 100 | 1 |
_aBaudelaire, Charles. _926513 |
|
| 245 | 1 | 4 |
_aLes fleurs du mal / _cpar Charles Baudelaire ; précédées d'une notice par Théophile Gautier. |
| 250 | _a[Ed. définitive.]. | ||
| 260 |
_aParis : _bCalmann-Lévy, _c[19-?] |
||
| 300 |
_a411 p. : _b1 retr. autor ; _c18 cm. |
||
| 490 | 1 |
_aOeuvres complètes de Charles Baudelaire ; _v1 |
|
| 700 | 1 |
_aGautier, Théophile, _d1811-1872 _9170960 |
|
| 830 | 0 |
_aOeuvres complètes de Charles Baudelaire ; _v1 _9221185 |
|
| 852 |
_aES-MaACL _jG-7110 _bR.142958 |
||
| 999 |
_c150963 _d150963 |
||